ბათუმის შოთა რუსთაველის სახელმწიფო უნივერსიტეტის ბიბლიოთეკა

სამკურნალო წიგნი : (ბიბ.ჩანაწერი № 62847)

000 -ლიდერი
ფიქსირებული სიგრძის საკონტროლო ველი 01416nam a22002177a 4500
003 - საკონტროლო ნომრის იდენტიფიკატორი
საკონტროლო ველი Ge_BSU
005 - ბოლო ოპერაციის თარიღი და დრო
საკონტროლო ველი 20250307170245.0
008 - ფიქსირებული სიგრძის მონაცემთა ელემენტები - ზოგადი ინფორმაცია
ფიქსირებული სიგრძის საკონტროლო ველი 250307s1978 ge ||||| |||| 00| 0 geo d
041 ## - ენის კოდი
Language code of text/sound track or separate title geo
080 ## - უნივერსალური ათობითი კლასიფიკაციის ინდექსი
Universal Decimal Classification number 615.89(479.22) ფ-23
100 ## - მთავარი ჩანაწერი - პიროვნების სახელი
Personal name ფანასკერტელი-ციციშვილი, ზაზა
9 (RLIN) 24493
245 ## - ცნობა სათაურის შესახებ
Title სამკურნალო წიგნი :
Remainder of title კარაბადინი /
Statement of responsibility, etc ზაზა ფანასკერტელი-ციციშვილი ; ტექსტი მოამზადა, გამოკვლევები, შენიშვნები, საძიებლები და ლექსიკონი დაურთო მ. შენგელიამ.
264 ## - წარმოების, გამოცემის, დისტრიბუციის და სხვა ცნობები
გამოცემის, წარმოების, დისტრიბუციის... ადგილი თბ. :
გამოცემის, წარმოების, დისტრიბუციის... სახელწოდება საბჭ. საქართველო,
გამოცემის, წარმოების, დისტრიბუციის... თარიღი 1978.
300 ## - ფიზიკური აღწერა
Extent 1009 გვ. :
Other physical details 1 ფ. პორტრ. ;
Dimensions 21 სმ.
501 ## - შენიშვნა თანმხლებ მასალაზე
With note შენიშვნები: გვ. 793-807.
ლექსიკონი: გვ. 808-890.
საძიებლები: გვ. 891-1007.
653 ## - INDEX TERM--UNCONTROLLED
Uncontrolled term ქართული ხალხური მედიცინა
653 ## - INDEX TERM--UNCONTROLLED
Uncontrolled term მედიცინის ისტორია
700 ## - ADDED ENTRY--PERSONAL NAME
Personal name კანდელაკი, ე.
Relator term რედაქტორი.
9 (RLIN) 22387
700 ## - ADDED ENTRY--PERSONAL NAME
Personal name ავსაჯანიშვილი, გ.
Relator term მხატვარი
9 (RLIN) 9123
942 ## - ADDED ENTRY ELEMENTS (KOHA)
Source of classification or shelving scheme
Koha item type წიგნი
ეგზემპლარები
ჩამოწერის სტატუსი დაკარგული ეგზემპლარის სტატუსი კლასიფიკაციის წყარო ან თაროზე გაწყობის სქემა დაზიანების სტატუსი არ გაიცემა მუდმივი მდებარეობა (დაცვის ადგილი) ამჟამინდელი ადგილსამყოფელი თაროზე განთავსების ადგილი შეძენის თარიღი ღირებულება, შესყიდვის ნორმალური ფასი სრული შენახვის შიფრი შტრიხკოდი ბოლო ოპერაციის თარიღი ეგზემპლარის მიმდევრობითი ნომერი (კეტერი?) ფასის ძალაში შესვლის თარიღი ეგზემპლარის სახეობა საჯარო შენიშვნა
          ბათუმის შოთა რუსთაველის სახელმწიფო უნივერსიტეტის მთავარი ბიბლიოთეკა ბათუმის შოთა რუსთაველის სახელმწიფო უნივერსიტეტის მთავარი ბიბლიოთეკა წიგნსაცავი 2025-03-07 13.40 615.89(479.22) ფ-23 70733 2025-03-07 70733 2025-03-07 წიგნი 13 ლ. 40 თ.
          ბათუმის შოთა რუსთაველის სახელმწიფო უნივერსიტეტის მთავარი ბიბლიოთეკა ბათუმის შოთა რუსთაველის სახელმწიფო უნივერსიტეტის მთავარი ბიბლიოთეკა წიგნსაცავი 2025-03-10 20.00 615.89(479.22) ფ-23 70810 2025-03-10 70810 2025-03-10 წიგნი 20.00